A course module for teaching strategies for Elementary science (physics, earth , and space science)/ (Record no. 364725)
[ view plain ]
| 000 -LEADER | |
|---|---|
| fixed length control field | 00612nam a22001817a 4500 |
| 003 - CONTROL NUMBER IDENTIFIER | |
| control field | 1 |
| 005 - DATE AND TIME OF LATEST TRANSACTION | |
| control field | 20220429133030.0 |
| 008 - FIXED-LENGTH DATA ELEMENTS--GENERAL INFORMATION | |
| fixed length control field | 220429b xxu||||| |||| 00| 0 eng d |
| 020 ## - INTERNATIONAL STANDARD BOOK NUMBER | |
| International Standard Book Number | 978-621-04-0385-5 |
| 050 ## - LIBRARY OF CONGRESS CALL NUMBER | |
| Classification number | LB1585 |
| Item number | .A438 2020 |
| 100 ## - MAIN ENTRY--PERSONAL NAME | |
| Personal name | Alata, Eden Joy P. |
| 245 ## - TITLE STATEMENT | |
| Title | A course module for teaching strategies for Elementary science (physics, earth , and space science)/ |
| Statement of responsibility, etc | Eden Joy P. Alata; Elen Joy P. Alata |
| 260 ## - PUBLICATION, DISTRIBUTION, ETC. (IMPRINT) | |
| Place of publication, distribution, etc | Manila: |
| Name of publisher, distributor, etc | Rex Book Store. |
| Date of publication, distribution, etc | c2020 |
| 300 ## - PHYSICAL DESCRIPTION | |
| Extent | 172 pp. |
| Dimensions | 25 cm. |
| Accompanying material | Includes index. |
| 500 ## - GENERAL NOTE | |
| General note | Teaching- course module. |
| 500 ## - GENERAL NOTE | |
| General note | Teaching- strategies. |
| 942 ## - ADDED ENTRY ELEMENTS (KOHA) | |
| Source of classification or shelving scheme | Library of Congress Classification |
| Koha item type | Books |
| Withdrawn status | Lost status | Source of classification or shelving scheme | Damaged status | Home library | Current library | Shelving location | Date acquired | Source of acquisition | Sub Shelving location | Total Checkouts | Full call number | Barcode | Date last seen | Price effective from | Koha item type |
|---|---|---|---|---|---|---|---|---|---|---|---|---|---|---|---|
| Library of Congress Classification | College Library | College Library | Filipiniana Section | 04/29/2022 | Library Fund | LB1585 .A438 2020 | C22721 | 04/29/2022 | 04/29/2022 | Books | |||||
| Library of Congress Classification | College Library | College Library | Filipiniana Section | 04/29/2022 | Library Fund | LB1585 .A438 2020 | C22722 | 04/29/2022 | 04/29/2022 | Books |